Chivas Deathcore - Statystyki

Ogólne statystyki
  • Ten quiz został rozwiązany 219 razy
  • Średni wynik to 9 z 10
Statystyki odpowiedzi
Nazwa utworu Featy % Poprawnych
1 ​Death note
98%
7 ​​​​​​nóż motylkowy Ft. White 2115
96%
4 NIENAWIDZĘ WARSZAWY! Ft. Bedoes 2115
95%
2 ​noWy baTmAN
91%
3 StaRlink
88%
5 ​​​​​​​​jem zimnego tosta
86%
6 OPIUM!
86%
9 RysunKOwY PoTwóR
86%
8 ​zabiłem motyla
83%
10 Przyjdzie taki dzień gdy będę wolny
59%
Nie znaleziono quizów pasujących do podanych kryteriów
Rozkład punktacji
Procent ludzi z każdym wynikiem
Percentyl według liczby udzielonych odpowiedzi
Twoja historia wyników
Nie rozwiązałeś tego quizu